00396nam a2200097Ia 4500008004100000100002300041245013600064260006400200650001500264999001900279160725s9999 xx 000 0 und d aMandin, Avelina L. aInterpersonal styles profile and levels of self-acceptance of the selected high school students of Philippines School for the Deaf. bKaizen Research Journal College of PsychologycJanuary 2014 aPSYCHOLOGY c298040d298040